00709nam a2200169 4500001000700000003000900007005001700016007000300033008004100036100004000077245023000117260005200347300002100399700003300420710006100453852002500514138499ES-MaACL20250902093017.0t|070214s1910 sp r ||||1| spa d1 aSan Martín y Falcón, José de.10aMoción presentada a la Real y Excma. Sociedad Económica Aragonesa de Amigos del País / cpor el socio corresponsal José de San-Martín y Falcón ; e Informe emitido por el socio residente Julián Alberto Cerezuela. aMadrid : b[s. n.], c1910 (fTip. Pontejos, 8) a16 h. ; c28 cm.1 aCerezuela, Julián Alberto.2 aReal Sociedad Económica Aragonesa de Amigos del País aES-MaACLjT-1260-F-3